| LEADER | 00429cam a2200157 7i4500 | ||
|---|---|---|---|
| 001 | 0000006914 | ||
| 005 | 19991025090000.0 | ||
| 002 | ##000008635 | ||
| 020 | 0 | 0 | |a T000006496 |
| 090 | 0 | 0 | |a M 336.109595 |b BUD |
| 245 | 0 | 0 | |a The 1999 budget. |
| 260 | 0 | 0 | |a Kuala Lumpur: |b Jabatan Penerangan Malaysia, |c 1998. |
| 300 | 0 | 0 | |a 100 p.. |
| 650 | 0 | 0 | |a Budget -- |z Malaysia |
| 651 | 0 | 0 | |a Malaysia |
| 999 | |a 0000010057 |b Book |c Open shelf |e Business Information Centre | ||